000 00545nam a2200169Ia 4500
003 GCL
008 140319s9999 xx 000 0 ara d
040 _aGCL /
_cGCL
082 0 4 _a301.1
_bع ع
100 1 _aعبدالفتاح محمد ابوالعينين
245 1 0 _aعلم النفس الاجتماعى: اصوله ومبادئه /
_cعبدالفتاح محمد ابوالعينين
700 1 _aعبدالفتاح محمد دويدار
300 _a431 ص
490 _aكتاب
_v0
650 0 4 _aعلم النفس
942 _2ddc
_cBK
999 _c41257
_d41257